000
00291nam a22001457a 4500
003
SGT
082
_a
346.30954,GAN
100
_a
GANDHI,B.N
245
_a
LAW OF TORTS
250
_a
4TH
260
_a
LUCKNOW
_b
EASTERN BOOKS
_c
2011
300
_a
523
650
_a
TORTS
942
_2
ddc
_c
BK
_0
11
999
_c
9580
_d
9580